Statistics for War Thunder German Tanks

Click here to take the quiz!

General Stats

  • This quiz has been taken 79 times
  • The average score is 5 of 38

Answer Stats

HintAnswer% Correct
Teir 4tiger 2
65%
Teir 1flakpanzer
33%
Teir 4jagdpanther
27%
Teir 5jagdtiger
26%
Teir 2marder 3
26%
Teir 3jagdpanzer 4
20%
Teir 5panther 2
17%
Teir 3wirbelwind
17%
Teir 4ferdinand
15%
Teir 3ostwind
15%
Teir 4tiger 2 H
15%
Teir 3jagdpanzer 38t
14%
Teir 3panther ausf D
14%
Teir 4panther ausf G
14%
Teir 4panther ausf A
12%
Teir 5panther ausf F
11%
Teir 1panzer 4 ausf C
11%
Teir 4kugelblitz
9%
Teir 2panzer 3 ausf J
9%
Teir 1stug 3 ausf A
9%
Teir 5tiger 2 10.5
9%
Teir 3tiger ausf H1
9%
Teir 5coelian
8%
Teir 1panzer 3 ausf E
8%
Teir 2panzer 3 ausf L
8%
Teir 3panzer 3 ausf M
8%
Teir 3panzer 4 70
8%
Teir 2panzer 4 ausf F1
8%
Teir 2panzer 4 ausf F2
8%
Teir 3panzer 4 ausf G
8%
Teir 3stug 3 ausf G
8%
Teir 1panzer 38t ausf A
6%
Teir 1panzer 3 ausf F
6%
Teir 2stug 3 ausf F
6%
Teir 1panzer 2 ausf E/F
5%
Teir 2panzer 38t ausf F
5%
Teir 2sd kfz 6/2
3%
Teir 3panzer 4 ausf H/J
2%

Score Distribution

Percentile by Number Answered

Percent of People with Each Score

Your Score History

You have not taken this quiz